| 000 | 00644nam a2200241Ia 4500 | ||
|---|---|---|---|
| 003 | OSt | ||
| 005 | 20221005064134.0 | ||
| 006 | a|||||r|||| 00| 0 | ||
| 007 | ta | ||
| 008 | 221004b |||||||| |||| 00| 0 urd d | ||
| 024 | _a7767 | ||
| 037 | _cTextual | ||
| 040 |
_aCRL _cCRL _burd |
||
| 041 |
_2urd _aurd |
||
| 082 | _aQ7xN14w,1, 168N4 | ||
| 100 |
_aNadwi Abulhasan Ali Au. _9603476 |
||
| 245 | 0 | _aKarwan-e-zindagi | |
| 260 |
_aLucknow _bMaktaba Islam India _c1994 |
||
| 300 |
_a520p. _ccm. |
||
| 650 | _aISLAM | ||
| 942 |
_hQ7xN14w,1, 168N4 _cTEXL _2cc |
||
| 999 |
_c972443 _d972443 |
||